The earth and man : lectures on comparative physical geography in its relation to the history of mankind /

Bibliographic Details
Main Author: Guyot, A. (Arnold), 1807-1884
Other Authors: Felton, C. C. (Cornelius Conway), 1807-1862
Format: Book
Language:English
French
Published: New York : C. Scribner's sons, 1886.
Subjects:

MARC

Tag First Indicator Second Indicator Subfields
LEADER 00000cam a2200000 4500
001 in00000048420
005 20151007071607.0
008 721109s1886 nyuabf 00010 eng u
010 |a gs 06000900  
035 |a (OCoLC)00490986 
035 |9 AAE6270AM 
040 |c WSU  |d TXA  |d UtOrBLW 
041 1 |a eng  |a fre 
049 |a TXAM  |c [1939] 
090 |a GB59  |b .G8 1886 
092 |a 551  |b G99 
100 1 |a Guyot, A.  |q (Arnold),  |d 1807-1884. 
245 1 4 |a The earth and man :  |b lectures on comparative physical geography in its relation to the history of mankind /  |c By Arnold Guyot ... Tr. from the French, by C. C. Felton ... Sixteenth thousand. 
264 1 |a New York :  |b C. Scribner's sons,  |c 1886. 
300 |a 334 pages :  |b illustrations, VI plate (including frontispiece, maps) ;  |c 19 cm. 
336 |a text  |b txt  |2 rdacontent 
337 |a unmediated  |b n  |2 rdamedia 
338 |a volume  |b nc  |2 rdacarrier 
650 0 |a Physical geography. 
650 0 |a Human geography. 
700 1 |a Felton, C. C.  |q (Cornelius Conway),  |d 1807-1862. 
999 |a MARS 
999 f f |s cdb7b015-62e7-38f5-a773-cdb678015eec  |i 3f203b05-5674-3eb9-bf16-5ee6f3b58944  |t 0 
952 f f |p ric  |a Texas A&M University  |b Rellis Campus  |c Joint Library Facility  |d Remote Storage  |t 0  |e GB59 .G8 1886  |h Library of Congress classification  |i unmediated -- volume  |m A14800949811 
998 f f |a GB59 .G8 1886  |t 0  |l Remote Storage